Регионална библиотека "Любен Каравелов" - Русе

Триада (Запис номер 111105)

MARC детайли
000 -Лидер
Контролно поле с фиксирана дължина 01131nam a2200313 c 4500
003 - Код на организацията, давaща контролен номер
Контролно поле BLK
005 - Дата и час на последна редакция
Контролно поле 20180422110016.0
008 - Елементи от данни с фиксирана дължина
fixed length control field 180409b bul|||||r ||||||| ||bul||
010 ## - Наследен системен номер
LC control number KNG00116439000
020 ## - Международен стандартен номер на книга ISBN
Международен стандартен номер на книга ISBN 954-8160-31-5
-- издат.: Няголова
040 ## - Източник на каталожния запис
Идентификатор на билиотеката - собственик на записа BLK
041 ## - Код за език
Код за езика на текст/звукозапис или на отделно заглавие Български
Код за езика КДБФ Български
080 ## - УДК
Текстов определител УДК Българска литература
УДК код - определител по УДК 821.163.2
УДК определител -1
УДК - код + определител 821.163.2-1
100 1# - Редна дума - Автор
Автор Ангелов, Борис Димитров
Авторска отговорност първи автор
R(LIN) 375044
139 ## - Редно поле
Редна дума Калев, Димитър Н.
Авторски знак Кал - К 16
245 10 - Сведения за заглавието
Заглавие Триада
Подзаглавни данни Стихове
Редно поле (дума) Борис Димитров Ангелов; худож. Мария Чакърова.
257 ## - Страна на издаване
Страна на създаване/издаване България
260 ## - Област на издателските данни
-- Варна
Име на издателя, разпространителя и проч. Няголова
Година на издаване 2001
Печатница Варна : Етикет принт
300 ## - Физическа характеристика
Страници 58 с.
Илюстрации и др. с ил.
Размери/Мащаб 22 см
380 ## - Жанр
Жанр Худож. лит.
490 1# - СЕРИИ (Колекции)
Име на серия Библиотека Брегът
500 ## - Общи забележки
Забележка Офс. изд. - 300 тир.
700 1# - Други автори (авторска отговорност)
Лично име Чакърова, Мария
Автороска отговорност (Описва отношението между автора и произведението) худож.
9 (RLIN) 370469
852 ## - Местоположение
Форматна сигнатура Цб 221862
856 4# - Електронен адрес и достъп
Електронен формат pdf - файл
Път до файла /url/
856 4# - Електронен адрес и достъп
Електронен формат pdf - файл
Път до файла /url/
942 ## - АРТИКУЛИ
Вид на библиотечния материал Книги
Скрит в OPAC Не
944 ## - СЪЗДАВАНЕ И РЕДАКЦИЯ на ЗАПИСА
Създаване/Редакция Създаване
Дата на регистрацията/редакция 18.11.2004
Служител, извършил регистрацията/редакцията Валя_Йорданова
944 ## - СЪЗДАВАНЕ И РЕДАКЦИЯ на ЗАПИСА
Създаване/Редакция Редакция
Дата на регистрацията/редакция 24.11.2004
Служител, извършил регистрацията/редакцията
999 ## - СИСТЕМНИ КОНТРОЛНИ НОМЕРА
Koha biblionumber 111105
Koha biblioitemnumber 111105
Наличности
Код за отписване Код за изгубен артикул Код за повреда Коз за рестрикции Код за отдаване Артикулен № Име на библиотеката - собственик Име на библиотеката, в която се намира в момента Статус (Текущо местоположение) Дата на вписване в системата Местоположение - отдел Цена в лева Инвентарен номер Систематично азбучна сигнатура Баркод Номер на екземпляра Цена в евро Служебна бележка Служебен тип на артикула
  Не е изгубен Не е повреден без рестрикции ползва се в читалня 178490 Регионална библиотека "Любен Каравелов" Русе Регионална библиотека "Любен Каравелов" Русе Хранилище 2004-11-24 Хранилище 0.00 120000690457 Цб 221862 120000690457 1 0.00 Дост: Dp Вид: Д N: 8 Дата: 11.02.2004 Книги
Vip Innovations Ltd, Rousse, Bulgaria 2025